1605 1724 1367 1869 1772 1989 1048 1362 1444 1623 1158 1332 1360 1971 1443 1829 1280 1739 1070 1168 1591 1917 1044 1452 1810 1355 1489 1623 1578 1640 1953 1068 1020 1881 1415 1933 1206 1646 1128 1740 1172 1907 1782 1511 1123 1379 1619 1309 1255 1730 1238 1676 1512 1695 1419 1578 1529 1252 1015 1670 1914 1215 1497 1170 1713 1423 1562 1395 1420 1715 1524 1430 1778 1364 1446 1932 1082 1892 1671 1332 1962 1334 1854 1598 1820 1113 1606 1397 1226 1176 1796 1031 1255 1458 1985 1309 1544 1470 1373 BCNSPRNW ULIB Ver.6.0+V

เปลี่ยนเป็นภาษาไทย

Change to English
 แสดงรายละเอียดบรรณานุกรม
  กลับหน้าหลัก

Brief Record : Get Marc (ISO 2709) : E-mail record : QR code < ปิดหน้าต่าง
LEADER : 00000nam 2200000uu 4500
001    13399120595
003     ULIB
008    120928s2546||||th 000 0 tha d
020    ^a9745879878 (pbk.)
060 04 ^aWY101^bก496ก 2546
245 00 ^aการพยาบาลฉุกเฉินและอุบัติภัยหมู่ /^cบรรณาธิการ, สุดาพรรณธัญจิรา, วนิดา ออประเสริฐศักดิ์
250    ^aพิมพ์ครั้งที่ 3
260    ^aกรุงเทพฯ :^bโครงการตำราภาควิชาพยาบาลศาสตร์คณะแพทยศาสตร์โรงพยาบาลรามาธิบดี มหาวิทยาลัยมหิด,^c2546
300    ^a(ก-ฌ) 510 หน้า :^bภาพประกอบ ;^c27 ซม.
504    ^aบรรณานุกรม
650  2 ^aEmergency Nursing
650  2 ^aEmergency Medical Services
650  7 ^aการพยาบาลฉุกเฉิน
650  7 ^aอุบัติเหตุ
700 0  ^aสุดาพรรณ ธัญจิรา,^eบรรณาธิการ
700 0  ^aวนิดา ออประเสริฐศักดิ์,^eบรรณาธิการ
710 2  ^aมหาวิทยาลัยมหิดล. ^bคณะแพทยศาสตร์โรงพยาบาลรามาธิบดี.^bภาควิชาพยาบาลศาสตร์
945    ^p220^l0^i13441
995    ^a วิภา
999 ^a ใช้งานได้ทุกระบบ
รายการนี้ยังไม่มีแท็ก
คุณยังไม่ได้ล็อกอิน คุณสามารถมีกิจกรรมร่วมกับเว็บไซต์ได้ แต่ต้องล็อกอินก่อน ::
  ล็อกอิน

รายการสื่อสารสนเทศ

ลำดับที่ ประเภท เลขเรียก/บาร์โค้ด สถานที่ สถานะ
1. วิทยาศาสตร์การแพทย์ และสุขภาพ
วิทยาศาสตร์การแพทย์ และสุขภาพ
สถานะ=หนังสือเก่า
WY101 ก496ก 2546  
  Barcode: 13441
ห้องสมุดวิทยาเขตนครสวรรค์
►หนังสือทั่วไป:l:General Books
บนชั้น

รายการใกล้เคียง
    หัวเรื่อง [Emergency Nursing]
    หัวเรื่อง [Emergency Medical Services]
    หัวเรื่อง [การพยาบาลฉุกเฉิน]
    หัวเรื่อง [อุบัติเหตุ]

BibComment


ยังไม่เคยถูกคอมเมนท์

คอมเมนท์ทรัพยากรรายการนี้
  คอมเมนท์: การพยาบาลฉุกเฉิน..


 Copyright 2026. Bcnsprnw @Library